000 00556nam a22001697a 4500
003 0
005 20160609165232.0
008 091208t xxu||||| |||| 00| 0 eng d
037 _aM15361
_bBIBLIO/EPAC
040 _aUAC/EPAC
_bF
_cEPAC BIBLIO
082 _a27.APE/AGB N. H.
100 _aHonoré N'djrossè AGBAZAHOU
_92432
245 _aInventaire des ligneux fourragers dans les terres de parcours communautaires du centre Bénin (Tchaourou-Pèrèrè)
300 _aII-36p
_c29cm
650 _aAMENAGEMENT PROTECTION ENVIRONNEMENT
_92433
942 _cTHE
999 _c46616
_d46616